Departments of Burkina Faso with a Map - Statistics

General Stats
  • This quiz has been taken 22 times
  • The average score is 96 of 351
Answers on the Map
Answers color-coded by a green-red scale on the quiz's map according to % correct below.
 
Answer Stats
Region Province Department % Correct
Centre Kadiogo Ouagadougou
71%
Hauts-Bassins Houet Bobo-Dioulasso
57%
Boucle du Mouhoun Balé
50%
Nord Loroum Bahn
43%
Est Gourma Fada-Ngourma
43%
Centre-Ouest Boulkiemdé Koudougou
43%
Nord Yatenga Ouahigouya
43%
Boucle du Mouhoun Sourou Di
36%
Est Tapoa Diapaga
36%
Hauts-Bassins Houet Fo
36%
Est Tapoa Kantchari
36%
Centre-Nord Sanmatenga Kaya
36%
Centre-Sud Nahouri Po
36%
Centre-Ouest Boulkiemdé Poa
36%
Centre-Ouest Boulkiemdé Soa
36%
Centre-Est Boulgou Tenkodogo
36%
Centre-Ouest Sissili To
36%
Plateau-Central Oubritenga Ziniaré
36%
Centre-Est Kourittenga Andemtenga
29%
Sahel Soum Arbinda
29%
Nord Passoré Arbollé
29%
Nord Passoré Bagaré
29%
Boucle du Mouhoun Balé Bagassi
29%
Centre-Est Boulgou Bagré
29%
Centre-Ouest Ziro Bakata
29%
Boucle du Mouhoun Banwa Balavé
29%
Hauts-Bassins Houet Bama
29%
Boucle du Mouhoun Balé Bana
29%
Centre-Est Boulgou Bané
29%
Cascades Comoé Banfora
29%
Hauts-Bassins Kénédougou Banzon
29%
Boucle du Mouhoun Kossi Barani
29%
Nord Yatenga Barga
29%
Centre-Nord Sanmatenga Barsalogho
29%
Est Komandjari Bartiébougou
29%
Centre-Est Kourittenga Baskouré
29%
Nord Zondoma Bassi
29%
Centre-Est Boulgou Béguédo
29%
Centre-Sud Zoundwéogo Béré
29%
Hauts-Bassins Tuy Béréba
29%
Cascades Comoé Bérégadougou
29%
Centre-Ouest Sissili Bieha
29%
Est Gnagna Bilanga
29%
Centre-Sud Zoundwéogo Bindé
29%
Centre-Ouest Boulkiemdé Bingo
29%
Centre-Est Boulgou Bissiga
29%
Centre-Est Boulgou Bitou
29%
Centre-Nord Namentenga Boala
29%
Est Gnagna Bogandé
29%
Nord Passoré Boken
29%
Boucle du Mouhoun Kossi Bomborokui
29%
Hauts-Bassins Tuy Boni
29%
Boucle du Mouhoun Balé Boromo
29%
Est Tapoa Botou
29%
Centre-Ouest Ziro Bougnounou
29%
Centre-Nord Namentenga Boulsa
29%
Centre-Ouest Sissili Boura
29%
Boucle du Mouhoun Kossi Bourasso
29%
Centre-Nord Namentenga Bouroum
29%
Centre-Nord Bam Bourzanga
29%
Plateau-Central Kourwéogo Boussé
29%
Nord Zondoma Boussou
29%
Centre-Est Boulgou Boussouma
29%
Centre-Nord Sanmatenga Boussouma
29%
Centre-Nord Sanmatenga Dablo
29%
Cascades Léraba Dakôrô
29%
Centre-Ouest Ziro Dalô
29%
Hauts-Bassins Houet Dandé
29%
Centre-Nord Namentenga Dargo
29%
Centre-Ouest Sanguié Dassa
29%
Boucle du Mouhoun Mouhoun Dédougou
29%
Est Gourma Diabo
29%
Centre-Est Kourittenga Dialgaye
29%
Est Gourma Diapangou
29%
Centre-Ouest Sanguié Didyr
29%
Boucle du Mouhoun Kossi Djibasso
29%
Sahel Soum Djibo
29%
Sud-Ouest Poni Djigouè
29%
Hauts-Bassins Kénédougou Djigouèra
29%
Boucle du Mouhoun Kossi Dokui
29%
Sahel Séno Dori
29%
Centre-Sud Bazèga Doulougou
29%
Boucle du Mouhoun Kossi Doumbala
29%
Cascades Léraba Douna
29%
Boucle du Mouhoun Mouhoun Douroula
29%
Centre-Est Koulpélogo Dourtenga
29%
Boucle du Mouhoun Balé Fara
29%
Hauts-Bassins Houet Faramana
29%
Hauts-Bassins Tuy Founzan
29%
Est Komandjari Foutouri
29%
Centre-Ouest Ziro Gaô
29%
Centre-Sud Bazèga Gaongo
29%
Centre-Est Boulgou Garango
29%
Est Komandjari Gayéri
29%
Centre-Ouest Sanguié Godyr
29%
Centre-Sud Zoundwéogo Gogo
29%
Boucle du Mouhoun Sourou Gomboro
29%
Centre-Sud Zoundwéogo Gomboussougou
29%
Nord Passoré Gomponsom
29%
Sahel Oudalan Gorom-Gorom
29%
Boucle du Mouhoun Nayala Gossina
29%
Centre-Sud Nahouri Guiaro
29%
Centre-Sud Zoundwéogo Guiba
29%
Centre-Nord Bam Guibaré
29%
Hauts-Bassins Tuy Houndé
29%
Centre-Ouest Boulkiemdé Imasgho
29%
Nord Yatenga Kaïn
29%
Nord Yatenga Kalsaka
29%
Centre-Est Kourittenga Kando
29%
Hauts-Bassins Kénédougou Kangala
29%
Cascades Léraba Kankalaba
29%
Hauts-Bassins Houet Karangasso-Sambla
29%
Hauts-Bassins Houet Karangasso-Vigué
29%
Centre-Ouest Ziro Kassou
29%
Boucle du Mouhoun Sourou Kassoum
29%
Hauts-Bassins Kénédougou Kayan
29%
Centre-Sud Bazèga Kayao
29%
Boucle du Mouhoun Sourou Kiembara
29%
Centre-Ouest Boulkiemdé Kindi
29%
Nord Passoré Kirsi
29%
Plateau-Central Ganzourgou Kogho
29%
Hauts-Bassins Kénédougou Kôlôkô
29%
Centre-Sud Bazèga Kombissiri
29%
Boucle du Mouhoun Kossi Kombori
29%
Centre-Est Koulpélogo Komin-Yanga
29%
Centre Kadiogo Komki-Ipala
29%
Est Kompienga Kompienga
29%
Centre Kadiogo Komsilga
29%
Centre-Est Boulgou Komtoèga
29%
Boucle du Mouhoun Mouhoun Kona
29%
Centre-Nord Bam Kongoussi
29%
Centre-Ouest Sanguié Kordié
29%
Centre-Nord Sanmatenga Korsimoro
29%
Nord Yatenga Kossouka
29%
Hauts-Bassins Tuy Koti
29%
Centre Kadiogo Koubri
29%
Boucle du Mouhoun Nayala Kougny
29%
Boucle du Mouhoun Banwa Kouka
29%
Nord Yatenga Koumbri
29%
Hauts-Bassins Houet Koundougou
29%
Centre-Est Kourittenga Koupèla
29%
Hauts-Bassins Kénédougou Kourinion
29%
Hauts-Bassins Kénédougou Kourouma
29%
Sahel Soum Koutougou
29%
Sud-Ouest Noumbiel Kpuéré
29%
Centre-Ouest Sanguié Kyon
29%
Centre-Est Koulpélogo Lalgaye
29%
Boucle du Mouhoun Sourou Lanfièra
29%
Boucle du Mouhoun Sourou Lankoué
29%
Nord Passoré La-Toden
29%
Plateau-Central Kourwéogo Laye
29%
Nord Zondoma Lèba
29%
Hauts-Bassins Houet Lèna
29%
Centre-Ouest Sissili Léo
29%
Est Gnagna Liptougou
29%
Cascades Léraba Loumana
29%
Est Kompienga Madjoari
29%
Boucle du Mouhoun Kossi Madouba
29%
Sud-Ouest Poni Malba
29%
Centre-Nord Sanmatenga Mané
29%
Centre-Sud Zoundwéogo Manga
29%
Cascades Comoé Mangodara
29%
Sahel Oudalan Markoye
29%
Plateau-Central Ganzourgou Mégué
29%
Plateau-Central Ganzourgou Môgtédo
29%
Cascades Comoé Moussodougou
29%
Centre-Nord Namentenga Nagbingou
29%
Sud-Ouest Poni Nako
29%
Centre-Nord Sanmatenga Namissiguima
29%
Nord Yatenga Namissiguima
29%
Est Tapoa Namouno
29%
Centre-Ouest Boulkiemdé Nanoro
29%
Centre-Nord Bam Nasséré
29%
Sahel Soum Nassoumbou
29%
Hauts-Bassins Kénédougou Ndôrôla
29%
Centre-Ouest Sissili Nébiélianayou
29%
Centre-Ouest Sissili Niabouri
29%
Cascades Comoé Niangoloko
29%
Cascades Léraba Niankôrôdougou
29%
Centre-Est Boulgou Niaogho
29%
Plateau-Central Kourwéogo Niou
29%
Centre-Sud Zoundwéogo Nobéré
29%
Boucle du Mouhoun Kossi Nouna
29%
Hauts-Bassins Kénédougou Orodara
29%
Centre-Est Koulpélogo Ouargaye
29%
Boucle du Mouhoun Mouhoun Ouarkoye
29%
Cascades Léraba Ouéléni
29%
Nord Loroum Ouindigui
29%
Nord Yatenga Oula
29%
Cascades Comoé Ouô
29%
Plateau-Central Oubritenga Ourgou-Manéga
29%
Boucle du Mouhoun Balé Ouri
29%
Centre Kadiogo Pabré
29%
Hauts-Bassins Houet Padéma
29%
Est Kompienga Pama
29%
Est Tapoa Partiaga
29%
Centre-Ouest Boulkiemdé Pella
29%
Hauts-Bassins Houet Péni
29%
Centre-Nord Sanmatenga Pensa
29%
Centre-Nord Sanmatenga Pibaoré
29%
Est Gnagna Piéla
29%
Nord Passoré Pilimpikou
29%
Centre-Nord Sanmatenga Pissila
29%
Sahel Soum Pobé-Mengao
29%
Boucle du Mouhoun Balé Pompoï
29%
Centre-Ouest Sanguié Pouni
29%
Boucle du Mouhoun Balé Poura
29%
Centre-Est Kourittenga Pouytenga
29%
Nord Yatenga Rambo
29%
Centre-Ouest Boulkiemdé Ramongo
29%
Centre-Ouest Sanguié Réo
29%
Centre-Nord Bam Rollo
29%
Centre-Nord Bam Roukô
29%
Centre Kadiogo Saaba
29%
Centre-Ouest Boulkiemdé Sabou
29%
Boucle du Mouhoun Mouhoun Safané
29%
Nord Passoré Samba
29%
Boucle du Mouhoun Banwa Sami
29%
Boucle du Mouhoun Banwa Sanaba
29%
Centre-Est Koulpélogo Sangha
29%
Centre-Sud Bazèga Saponé
29%
Centre-Ouest Ziro Sapouy
29%
Hauts-Bassins Houet Satiri
29%
Sahel Yagha Sebba
29%
Sahel Séno Seytenga
29%
Boucle du Mouhoun Balé Siby
29%
Cascades Comoé Sidéradougou
29%
Centre-Ouest Boulkiemdé Siglé
29%
Centre-Ouest Sissili Silly
29%
Hauts-Bassins Kénédougou Sindo
29%
Cascades Léraba Sindou
29%
Boucle du Mouhoun Banwa Solenzo
29%
Sahel Yagha Solhan
29%
Nord Loroum Sollé
29%
Boucle du Mouhoun Kossi Sônô
29%
Cascades Comoé Soubakaniédougou
29%
Centre-Est Koulpélogo Soudougui
29%
Centre-Ouest Boulkiemdé Sourgou
29%
Plateau-Central Kourwéogo Sourgoubila
29%
Est Tapoa Tambaga
29%
Nord Yatenga Tangaye
29%
Est Tapoa Tansarga
29%
Boucle du Mouhoun Banwa Tansila
29%
Boucle du Mouhoun Mouhoun Tchériba
29%
Centre-Ouest Sanguié Ténado
29%
Centre-Est Kourittenga Tensobentenga
29%
Est Gnagna Thion
29%
Centre-Ouest Boulkiemdé Thiou
29%
Nord Yatenga Thiou
29%
Est Gourma Tibga
29%
Centre-Sud Nahouri Tiébélé
29%
Cascades Comoé Tiéfora
29%
Centre-Nord Bam Tikaré
29%
Nord Loroum Titao
29%
Centre-Sud Bazèga Toécé
29%
Boucle du Mouhoun Sourou Toéni
29%
Boucle du Mouhoun Nayala Toma
29%
Boucle du Mouhoun Sourou Tougan
29%
Nord Zondoma Tougo
29%
Centre-Nord Namentenga Tougouri
29%
Hauts-Bassins Houet Toussiana
29%
Cascades Léraba Wolonkoto
29%
Boucle du Mouhoun Nayala Yaba
29%
Boucle du Mouhoun Balé Yaho
29%
Nord Passoré Yako
29%
Centre-Nord Namentenga Yalgo
29%
Est Gourma Yamba
29%
Centre-Est Koulpélogo Yargatenga
29%
Centre-Est Kourittenga Yargo
29%
Boucle du Mouhoun Nayala
29%
Centre-Est Koulpélogo Yondé
29%
Centre-Est Boulgou Zabré
29%
Plateau-Central Ganzourgou Zam
29%
Centre-Ouest Sanguié Zamo
29%
Centre-Ouest Sanguié Zawara
29%
Centre-Sud Nahouri Zecco
29%
Centre-Nord Sanmatenga Ziga
29%
Centre-Sud Nahouri Ziou
29%
Plateau-Central Oubritenga Zitenga
29%
Centre-Est Boulgou Zoaga
29%
Nord Yatenga Zogoré
29%
Centre-Est Boulgou Zonsé
29%
Plateau-Central Ganzourgou Zôrgho
29%
Plateau-Central Ganzourgou Zoungou
29%
Sahel Séno Bani
21%
Sahel Soum Baraboulé
21%
Sud-Ouest Noumbiel Batié
21%
Hauts-Bassins Tuy Békui
21%
Boucle du Mouhoun Mouhoun Bondokui
21%
Plateau-Central Ganzourgou Boudri
21%
Sahel Yagha Boundoré
21%
Sud-Ouest Poni Bouroum-Bouroum
21%
Sud-Ouest Poni Bousséra
21%
Sud-Ouest Noumbiel Boussou-Koula
21%
Sud-Ouest Ioba Dano
21%
Sahel Oudalan Déou
21%
Sud-Ouest Bougouriba Diébougou
21%
Sahel Soum Diguel
21%
Sud-Ouest Bougouriba Dolo
21%
Sahel Séno Falagountou
21%
Sud-Ouest Poni Gaoua
21%
Boucle du Mouhoun Nayala Gassan
21%
Sud-Ouest Poni Gbomblora
21%
Sahel Séno Gorgadji
21%
Sud-Ouest Ioba Guéguéré
21%
Sud-Ouest Bougouriba Iôlôniôrô
21%
Sud-Ouest Poni Kampti
21%
Sahel Soum Kelbo
21%
Est Gnagna Koala
21%
Sud-Ouest Ioba Koper
21%
Hauts-Bassins Tuy Koumbia
21%
Sud-Ouest Noumbiel Legmoin
21%
Sud-Ouest Poni Loropéni
21%
Plateau-Central Oubritenga Loumbila
21%
Est Gnagna Mani
21%
Sahel Yagha Mansila
21%
Est Gourma Matiakoali
21%
Sud-Ouest Noumbiel Midebdo
21%
Plateau-Central Oubritenga Nagréongo
21%
Centre-Ouest Boulkiemdé Nandiala
21%
Sud-Ouest Ioba Niégo
21%
Sud-Ouest Ioba Oronkua
21%
Sud-Ouest Ioba Ouéssa
21%
Sahel Oudalan Oursi
21%
Sud-Ouest Poni Périgban
21%
Sahel Séno Sampelga
21%
Sahel Yagha Tankougounadié
21%
Sud-Ouest Bougouriba Tiankoura
21%
Sahel Oudalan Tin-Akoff
21%
Sahel Yagha Titabè
21%
Sahel Soum Tongomayel
21%
Sud-Ouest Ioba Zambo
21%
Centre-Nord Bam Zimtanga
21%
Plateau-Central Oubritenga Ambsouya
14%
Centre-Est Kourittenga Gounguen
14%
Nord Zondoma Goursi
14%
Centre-Sud Bazèga Ipelsé
14%
Centre-Ouest Boulkiemdé Kokologo
14%
Est Tapoa Lôgbou
14%
Hauts-Bassins Kénédougou Morlaba
14%
Centre-Nord Bam Sabsé
14%
Hauts-Bassins Kénédougou Samôgôgouan
14%
Hauts-Bassins Kénédougou Samôgôyiri
14%
Plateau-Central Ganzourgou Saolgo
14%
Nord Yatenga Senguènèga
14%
Centre Kadiogo Tanguen-Dassouri
14%
Plateau-Central Kourwéogo Toèguen
14%
Centre-Nord Namentenga Zéguédéguen
14%
Plateau-Central Oubritenga Dapeolgo
7%
Sud-Ouest Ioba Dissihn
7%
Sud-Ouest Bougouriba Gbondjigui
7%
No matching quizzes found
Score Distribution
Percent of People with Each Score
Percentile by Number Answered
Your Score History
You have not taken this quiz